00298nam a2200109Ia 4500008004100000020001500041082001500056100003300071245003300104260003200137300001900169250602s9999 xx 000 0 und d a9991520317 a891.489AHM aabudhull?h rasheedhu ahmadhu 0amazumoonu liyumah fahi mageh a"Male', Maldivian"b_c2002 a60 p. ; 20 cm.